000 02756cam a2200385 i 4500
003 SA-RiAUC
005 20250414065108.0
008 250316s2001 su ak g b 00000 ara c
020 _a996000161X
020 _a9960001601
020 _a99600016x
024 0 _a00000000960790
040 _aSA-RiKSU
_bara
_cSA-RiAUC
_dAE-DuMBRL
_erda
043 _aa-su---
050 4 _b.Q23 2001
082 0 4 _a027.70285
090 _a027.70285
_b ق ب ل
100 1 _aالقبلان، نجاح قبلان حمد
_eمؤلف.
245 1 2 _aالتجهيزات الآلية لمكتبات التعليم العالي في المملكة العربية السعودية :
_bدراسة لواقع التطبيقات الحاسوبية /
_cنجاح بنت قبلان القبلان.
250 _aالطبعة الأولى.
264 1 _aالرياض :
_bمكتبة الملك فهد الوطنية،
_c2001.
300 _a372 صفحة :
_bأشكال بيانية، جداول ؛
_c24 × 17 سم.
336 _aنص
_btxt
_2rdacontent
_3كتاب
337 _aبدون وسيط
_bn
_2rdamedia
338 _aمجلد
_bnc
_2rdacarrier
490 0 _aمطبوعات مكتبة الملك فهد الوطنية.
_aالسلسة الأولى ؛
_v32
504 _aيشتمل على إرجاعات ببليوجرافية.
520 _aيتناول الكتاب موضوع التجهيزات الآلية في المكتبات من حيث واقع التطبيقات الحاسوبية في مكتبات مؤسسات التعليم العالي في المملكة العربية السعودية. من أبرز أهداف الدراسة التعرف إلى الدوافع والمبررات التي أدت إلى تحسيب المكتبات، ورصد مراحل التحسيب ومجالاته، وتقصي المشكلات المصاحبة له، وطبقت الباحثة المنهج الوصفي "المسحي" من خلال استبانة صممت لهذا الغرض، وعززتها بزيارات ميدانية ومقابلات شخصية واتصلات هاتفية ثم حللت الاستبانة بأسلوب التوزيع التكراري.
520 0 _aيتناول الكتاب التجهيزات الآلية في المكتبات من حيث واقع التطبيقات الحاسوبية في مكتبات مؤسسات التعليم العالي في المملكة العربية السعودية.
650 7 _aالمكتبات الجامعية
_zالسعودية
_xأتمتة
_2aucsh
650 7 _aالمكتبات
_xأتمتة
_2aucsh
942 _2ddc
_cBOOK
_n0
949 _aSA-JeALM
_d250316
_umohamedma123
_n1
999 _c6986
_d6986